01006nam a2200253Ia 4500001001200000003000800012006001900020007001500039008004100054020001500095040002100110035002000131050002200151100001900173245010000192260006000292300001100352533015200363650003800515650002700553655002900580710001700609856012600626ebr10019960CaPaEBRm u cr cn|||||||||030216s2002 enk s 000 0 eng d z1841508691 aCaPaEBRcCaPaEBR a(OCoLC)7075349614aB804b.A78 2002eb1 aArthurs, Jane.10aCrash culturesh[electronic resource] :bmodernity, mediation and the material /cJane Arthurs. aBristol, Uk ;aPortland, OR :bIntellect Books,cc2002. a203 p. aElectronic reproduction.bPalo Alto, Calif. :cebrary,d2009.nAvailable via World Wide Web.nAccess may be limited to ebrary affiliated libraries. 0aPhilosophy, Moderny20th century. 0aAccidents (Philosophy) 7aElectronic books.2local2 aebrary, Inc.40uhttp://site.ebrary.com/lib/rucke/Doc?id=10019960zAn electronic book accessible through the World Wide Web; click to view